Bibliotecas virtuales FHL, Fundación Hernando de Larramendi
Guardat en:
| Format: | Llibre |
|---|---|
| Idioma: | espanyol |
| Publicat: |
Madrid
Fundación Hernando de Larramendi
2002
|
| Matèries: | |
| Etiquetes: |
Afegir etiqueta
Sense etiquetes, Sigues el primer a etiquetar aquest registre!
|
MARC
| LEADER | 00000nam a2200000 a 4500 | ||
|---|---|---|---|
| 001 | UCL6423 | ||
| 003 | CL-VaPUC | ||
| 008 | 040402e20020000SP |||||||||||||||||spa|d | ||
| 020 | |a 8493271454 | ||
| 082 | 0 | 4 | |a 026 |b BIB |2 21 |
| 245 | 1 | 0 | |a Bibliotecas virtuales FHL, Fundación Hernando de Larramendi |
| 300 | |a 126 p | ||
| 942 | |c BK | ||
| 945 | |d 20040402 00:00:00 |a cmena | ||
| 260 | |a Madrid |b Fundación Hernando de Larramendi |c 2002 | ||
| 650 | 0 | |a Bibliotecas virtuales |9 469240 | |
| 650 | 0 | |a Archivos |9 322428 | |
| 650 | 0 | |a Patrimonio cultural |9 309364 | |
| 583 | |a last modification |c 20040402 00:00:00 |k Rodrigo Vera | ||
| 999 | |c 308531 |d 308529 | ||
| 952 | |0 0 |1 0 |4 0 |6 026_000000000000000_BIB_2002 |7 0 |8 A |9 375106 |a BIBHIS |b BIBHIS |d 2019-11-21 |i 3931862 |o 026 BIB 2002 |p 3931862 |r 2025-01-20 |w 2019-11-21 |y BK |k HIS | ||